Digital electronics and logic design (Record no. 1526)
[ view plain ]
| 000 -LEADER | |
|---|---|
| Fixed length control field | 00468nam a2200181 4500 |
| 003 - CONTROL NUMBER IDENTIFIER | |
| Control field | SEACOMEC |
| 005 - DATE AND TIME OF LATEST TRANSACTION | |
| Control field | 20240806154805.0 |
| 008 - FIXED-LENGTH DATA ELEMENTS--GENERAL INFORMATION | |
| Fixed length control field | 240217b |||||||| |||| 00| 0 eng d |
| 020 ## - INTERNATIONAL STANDARD BOOK NUMBER / ISBN | |
| Price | Rs.260.00 |
| 040 ## - CATALOGING SOURCE | |
| Original cataloging agency | SEACOMEC |
| 082 ## - DEWEY DECIMAL CLASSIFICATION NUMBER | |
| Classification number | 621.381 |
| Book Number | B515 |
| 100 ## - MAIN ENTRY--PERSONAL NAME | |
| Personal name | Bhuliyani,S.R. |
| 245 1# - TITLE STATEMENT | |
| Title | Digital electronics and logic design |
| Statement of responsibility | S.R. Bhuliyani |
| 250 ## - EDITION STATEMENT | |
| Edition statement | 6th ed. |
| 260 ## - IMPRINT | |
| Place of publication | Pune |
| Name of publisher | Everest |
| Date of publication | 1998 |
| 650 ## - SUBJECT ADDED ENTRY--TOPICAL TERM | |
| Topical term | Technology,Components and circuit |
| 942 ## - ADDED ENTRY ELEMENTS (KOHA) | |
| Koha item type | Books |
| Withdrawn status | Lost status | Source of classification | Damaged status | Not for loan | Home library | Current library | Date acquired | Total Checkouts | Call number | Accession number | Date last seen | Price effective from | Koha item type | Copy number |
|---|---|---|---|---|---|---|---|---|---|---|---|---|---|---|
| Dewey Decimal Classification | SEACOM ENGINEERING COLLEGE | SEACOM ENGINEERING COLLEGE | 21/03/2007 | 621.381 B515 | 6486 | 06/08/2024 | 06/08/2024 | Books | ||||||
| Dewey Decimal Classification | SEACOM ENGINEERING COLLEGE | SEACOM ENGINEERING COLLEGE | 21/03/2007 | 621.381 B515 | 6487 | 06/08/2024 | 06/08/2024 | Books | 1 | |||||
| Dewey Decimal Classification | SEACOM ENGINEERING COLLEGE | SEACOM ENGINEERING COLLEGE | 21/03/2007 | 621.381 B515 | 6488 | 06/08/2024 | 06/08/2024 | Books | 2 | |||||
| Dewey Decimal Classification | SEACOM ENGINEERING COLLEGE | SEACOM ENGINEERING COLLEGE | 21/03/2007 | 621.381 B515 | 6489 | 06/08/2024 | 06/08/2024 | Books | 3 | |||||
| Dewey Decimal Classification | SEACOM ENGINEERING COLLEGE | SEACOM ENGINEERING COLLEGE | 21/03/2007 | 621.381 B515 | 6490 | 06/08/2024 | 06/08/2024 | Books | 4 |
